000 00520nam a2200157 4500
999 _c7447
_d7447
008 170914b xxu||||| |||| 00| 0 eng d
022 _a0091-4169
082 _aDPer 364.05 J82 2012 v. 102, n. 3
100 _922566
_aRosenzweig, Paul.
245 _aReflections on the atrophying pardon power/
_cPaul Rosenzweig.
260 _aEvanston:
_bNorthwestern University Press,
_c©2012.
300 _av102 n3, pages 593-612:
_c25 cm.
500 _aThe accounting review.
650 0 _922567
_aCriminal law
942 _2ddc
_cPER